| 000 | 00000nam 2200000zi 4500 |
| 001 | 9.922047 |
| 003 | CaOODSP |
| 005 | 20230428101138 |
| 006 | m o d f |
| 007 | cr bn||||||||| |
| 008 | 230428t19811980onca ob f000 0 fre d |
| 020 | |a0662109783 |q(imprimé) |
| 040 | |aCaOODSP|bfre|erda|cCaOODSP |
| 041 | 0 |afre|bfre|beng |
| 043 | |an-cn-on |
| 086 | 1 |aEn42-1/4-80-2F-PDF |
| 086 | 1 |aEn43-4/1980-2F |
| 100 | 1 |aGuo, P. H. M., |eauteur. |
| 245 | 10|aTraitement par boues activées et au charbon actif des effluents d'une usine de préservation du bois contenant du pentachlorophénol / |cP.H.M. Guo, P.J.A. Fowlie, V.W. Cairns et B.E. Jank. |
| 264 | 1|a[Burlington, Ont.] : |bCentre technique des eaux usées, Service de la protection de l'environnement, Environnement Canada, |c1981. |
| 264 | 4|c©1980 |
| 300 | |a1 ressource en ligne (xi, 75 pages) : |billustrations. |
| 336 | |atexte|btxt|2rdacontent/fre |
| 337 | |ainformatique|bc|2rdamedia/fre |
| 338 | |aressource en ligne|bcr|2rdacarrier/fre |
| 490 | 1 |aLes rapports du Service de la protection de l'environnement |
| 500 | |aPublié aussi en anglais sous le titre : Activated sludge and activated carbon treatment of a wood preserving effluent containing pentachlorophenol. |
| 500 | |a« Rapport EPS 4-WP-80-2F. » |
| 500 | |aSur la couverture : Technologie, rapport EPS 4-WP-80-2F. |
| 500 | |aSur la couverture : Septembre 1981. |
| 500 | |aÉdition numérisée de l'imprimé [par Environnement et changement climatique Canada]. |
| 504 | |aComprend des références bibliographiques (page 49). |
| 546 | |aComprend des résumés en français et en anglais. |
| 650 | 6|aEaux usées|xÉpuration|xProcédé des boues activées|zOntario|zThunder Bay. |
| 650 | 6|aEaux usées|xÉpuration|xAdsorption|zOntario|zThunder Bay. |
| 650 | 6|aBois|xConservation|xDéchets|xÉlimination|xAspect de l'environnement|zOntario|zThunder Bay. |
| 650 | 6|aProduits de préservation du bois|xAspect de l'environnement|zOntario|zThunder Bay. |
| 650 | 6|aPentachlorophénol|xAspect de l'environnement|zOntario|zThunder Bay. |
| 710 | 1 |aCanada. |bService de la protection de l'environnement, |eorganisme de publication. |
| 710 | 2 |aCentre technique des eaux useĢes (Canada), |eorganisme de publication. |
| 710 | 1 |aCanada.|bDirection générale de la lutte contre la pollution des eaux, |eorganisme de publication. |
| 775 | 08|tActivated sludge and activated carbon treatment of a wood preserving effluent containing pentachlorophenol / |w(CaOODSP)9.922043 |
| 830 | #0|aSérie de rapports du Service de la protection de l'environnement.|w(CaOODSP)9.866045 |
| 856 | 40|qPDF|s2.56 Mo|uhttps://publications.gc.ca/collections/collection_2023/eccc/en42/En42-1-4-80-2-fra.pdf |